000 00329nam a22001217a 4500
040 _cNUST
082 _a070.442,TAR
100 _aTarar, Mustansar Hussain
_93135
245 _aChik Chuk / چک چک (Urdu) /
_cMustansar Hussain Tarar
260 _aLahore
_bSang e Meel
_c2003
300 _a310 p.;
942 _2ddc
_cBK
_k070.442,TAR
999 _c593223
_d593223